Il pensiero stoico ed epicureo. Antologia di testi.

Guardat en:
Dades bibliogràfiques
Altres autors: Mandolfo, Rodolfo (Editor)
Format: Llibre
Publicat: Firenze, Italia: La Nuova Italia, 1958.
Edició:1a edizione.
Matèries:
Etiquetes: Afegir etiqueta
Sense etiquetes, Sigues el primer a etiquetar aquest registre!

MARC

LEADER 00000nam a22000007a 4500
003 CL-VaPUC
005 20220822114628.0
008 220715t1958 ||||| |||| 00| 0 eng d
999 |c 437086  |d 437084 
040 |c Pontificia Universidad Católica de Valparaíso 
082 7 |a 187 MAN 1958  |2 22 
100 1 |a Mandolfo, Rodolfo  |e editor  |9 873003 
245 |a Il pensiero stoico ed epicureo.   |b Antologia di testi. 
250 |a 1a edizione. 
260 |a Firenze, Italia:  |b La Nuova Italia,  |c 1958. 
300 |a 173 páginas.  
500 |a c.1 Donación Familia Prof. Alejandro Guzmán Brito. 
583 |c 20220715  |k Cristina María Rojas Aguilar 
650 |a Estoicismo   |9 873069 
650 |a Epicureismo.  |9 266523 
942 |2 ddc  |c BK  |n 0 
952 |0 0  |1 0  |2 ddc  |4 0  |6 187_000000000000000_MAN_1958  |7 0  |8 C_AGB  |9 584831  |a BIBDER  |b BIBDER  |d 2022-07-15  |e Donación   |i 5652959  |o 187 MAN 1958  |p 5652959  |r 2023-01-25  |t 1  |w 2022-07-15  |y BK_US  |k AGB